Statistics for All QMJHL Teams Quiz

Click here to take the quiz!

General Stats

  • This quiz has been taken 128 times
  • The average score is 14 of 18

Answer Stats

HintAnswer% Correct
RempartsQuébec
94%
MooseheadsHalifax
93%
OcéanicRimouski
89%
Sea DogsSaint John
88%
WildcatsMoncton
85%
Screaming EaglesCape Breton
79%
OlympiquesGatineau
79%
TitanAcadie-Bathurst
76%
IslandersCharlottetown
76%
PhoenixSherbrooke
74%
ForeursVal-d'Or
71%
HuskiesRouyn-Noranda
69%
SaguéenensChicoutimi
68%
CataractesShawinigan
68%
TigresVictoriaville
67%
VoltigeursDrummondville
65%
DrakkarBaie-Comeau
59%
ArmadaBlainville-Boisbriand
57%

Score Distribution

Percentile by Number Answered

Percent of People with Each Score

Your Score History

You have not taken this quiz